Представление документа в формате MARC21

Поле Инд. ПП Название Значение
Тип записи a
Библиографический уровень m
001 Контрольный номер RU/LIBMSTU/293557091
005 Дата корректировки 20200512130314.7
008 Кодируемые данные 090428|||||||||ru |||||||||||000|||rus||
020 a ISBN 978-5-16-002049-5
c Цена, тираж 799-15
040 b Код языка каталог. rus
041 0_ a Код языка текста rus
084 a Индекс другой классификации/Индекс ББК 65.291.6+65.291.66
090 a Полочн. индекс 65.291.6
x Авторский знак Э 40
245 10 a Заглавие Экономика персонала
b Продолж. заглавия учебник для вузов
c Ответственность Моск. гос. ун-т им. М. В. Ломоносова, Экон. фак.
260 a Место издания Москва
b Издательство Инфра-М
c Дата издания 2009
300 a Объем 894, [1] c.
b Иллюстрации/ тип воспроизводства ил.
440 _0 a Серия Учебники экономического факультета МГУ им. М. В. Ломоносова
504 a Библиография Библиогр. в конце гл.
650 04 a Основная рубрика Персонал-Экономика-Учебные издания для высших учебных заведений
653 0_ a Ключевые слова Экономика
653 1_ a Ключевые слова Персонал
653 1_ a Ключевые слова Социально-трудовые отношения
653 1_ a Ключевые слова Предприятия
653 1_ a Ключевые слова Труд
653 1_ a Ключевые слова Права человека
653 1_ a Ключевые слова Рынок труда
653 1_ a Ключевые слова Управление персоналом
653 1_ a Ключевые слова Менеджмент
653 1_ a Ключевые слова Организационная культура
653 1_ a Ключевые слова Трудовое поведение
653 1_ a Ключевые слова Конфликты
653 1_ a Ключевые слова Человеческие ресурсы
653 1_ a Ключевые слова Рабочие места
653 1_ a Ключевые слова Организация труда персонала
653 1_ a Ключевые слова Производительность труда
653 1_ a Ключевые слова Трудовые отношения
653 1_ a Ключевые слова Контроллинг
653 1_ a Ключевые слова Аудит
700 12 a Другие авторы Колосова Р. П.
700 1_ a Другие авторы Василюк Т. Н.
700 1_ a Другие авторы Артамонова М. В.
700 1_ a Другие авторы Луданик М. В.
901 t Тип документа m
952 b Гриф литературы для ВШ Рекомендовано УМО
c Вид литературы учебник